Loading...

Urban planning in India case study of urban improvement trusts

Bibliographic Details
Main Author: Singh,Sundra Rani
Format: Printed Book
Language:English
Published: New Delhi Ashish 1979
Subjects:
LEADER 00526nam a22001577a 4500
005 20160820112613.0
008 091026t xxu||||| |||| 00| 0 eng d
082 |a 711.4  |b SIN 
100 |a Singh,Sundra Rani  |9 5097 
245 |a Urban planning in India  |b case study of urban improvement trusts 
300 |a xii,432p. 
653 |a urban planning 
942 |c BK  |6 _ 
260 |a New Delhi  |b Ashish  |c 1979 
999 |c 172795  |d 172795 
952 |0 0  |1 0  |2 ddc  |4 0  |6 7114_SIN  |7 0  |9 224261  |a DAE  |b DAE  |d 2009-10-26  |o 711.4 SIN  |p ECO01314  |r 2016-08-20  |w 2016-08-20  |y BK